000 00853nam0a22002651 4500
001 rc\76274
005 20021216131106.5
010 _a5-02-010834-0
_91300
035 _a(NLR Aleph) 005347283
090 _a6758363
_c6758363
100 _a20021216d1993 u |0rusy50 ca
101 0 _arus
102 _aRU
105 _ay |||||||||
200 1 _aРоссия и Запад: метаморфозы взаимовосприятия
_fРос. АН
210 _aМ.
_cНаука
_d1993
215 _a140, [3] с.
_d22
300 _aЗагл. обл.: ... метаморфозы восприятия
320 _aБиблиогр. в примеч.: с. 135-141
700 1 _aЧугров
_bС. В.
_gСергей Владиславович
801 0 _aRU
_bNLR
_gpsbo
801 1 _aRU
_bELAR
_2rusmarc
852 _aNLR
_j93-5/362
942 _cBOOK
980 _aNB